00798cam a2200205 a 4500008004100000020001800041040007000059041000800129100002700137245007000164250001100234260006800245300005300313504005300366650002900419650004700448650003400495650004400529700001900573130821s2011 enka gr eng  a9780199543939 aCO-BoUCMbspacAngélica Rojas (modificó)dAldemar Mondragón00aeng1 aFrynas, Jedrzej George10aGlobal strategic managementcJedrzej George Frynas, Kamel Mellahi a2nd ed aOxford (Oxfordshire, Inglaterra)bOxford University Pressc2011 axxix, 422 páginasbgráficas, cuadros, tablas aIncluye referencias bibliográficas e índices 7aEmpresas internacionales 7aEmpresas internacionalesxAdministración 7aPlanificación estratégica 7aRelaciones económicas internacionales1 aMellahi, Kamel